000 01282nam a2200277Ia 4500
000 01796naaa 00325uu
001 https://directory.doabooks.org/handle/20.500.12854/36114
008 211013s9999 xx 000 0 und d
024 _a10.1515/9783110591026
042 _adc
245 0 _aLernwelt Hochschule
260 _aBerlin/Boston
_bDe Gruyter
_c2020
300 _a1 electronic resource (217 p.)
520 _aThe college learning environment is in flux. The shift from teaching to learning entails extensive processes of change. A three-year research project conducted by the Learning Research Centers at the Stuttgart Media University studied this topic. This volume provides an exhaustive overview of current developments in the field. The book presents the results of academics research and documents good practice.
540 _aCreative Commons
653 _aCollege learning
700 1 _aBecker, Alexandra
700 1 _aBecker, Alexandra
700 1 _aStang, Richard
700 1 _aStang, Richard
856 _uhttps://library.oapen.org/bitstream/20.500.12657/37603/1/9783110591026.pdf
856 _uhttps://library.oapen.org/bitstream/20.500.12657/37603/1/9783110591026.pdf
856 _uwww.oapen.org
942 _cE-BOOK
999 _c49133
_d49133